| 000 | 00465nam a2200157Ia 4500 | ||
|---|---|---|---|
| 008 | 160316s1998 xxu||||| |||| 00| 0 eng d | ||
| 082 |
_a344.046000 _bDES |
||
| 100 | _aDesai Ashok A | ||
| 245 | _aEnvironmental jurisprudence | ||
| 250 | _a | ||
| 260 |
_aNew Delhi _bVikas Publishing Co. _c1998 |
||
| 300 |
_a314p _b _c |
||
| 365 | _bRs.475/- | ||
| 650 | _a1.Environmental Law - Jurisprudence 2. Environmental Theories 3.Environmental Jurisprudence | ||
| 700 |
_a _a |
||
| 999 |
_c12426 _d12426 |
||